000 01181nam a22003617a 4500
001 000685
003 DO-SdBPM
005 20260318104112.0
007 ta
008 161111b2009 uy a ||||| |||| 00| 0 spa d
020 _a9789681905484
040 _aDO-SdBPM
_bspa
_cBPMSU
_erda
082 0 4 _a833.91
_bN898u 2008
_222
100 1 _aNöstlinger, Christine,
_d1936-2018.
_eautor
_4aut.
245 1 0 _aUn gato no es un cojín /
_cChristine Nöstlinger ; ilustraciones de Angel Campos ; traducción, Marisa Delgado.
260 _c
264 _aUruguay :
_bAlfaguara,
_c2008
300 _a59 páginas :
_bilustraciones ;
_c19 cm.
336 _atexto
_btxt
_2rdacontent
337 _asin mediación
_bn
_2rdamedia
338 _avolumen
_bnc
_2rdacarrier
490 0 _aAlfaguara infantil
500 _aPara niños a partir de los 8 años.
500 _a
500 _a
590 _aInventariado, 2026/VM
650 7 _aCuentos infantiles austríacos
650 7 _aLiteratura infantil austriaca
700 1 _aCampos, Ángel,
_eilustración
700 1 _aDelgado, Marisa,
_etraductor
910 _aVMateo V. Control de calidad. BPMSU
942 _2ddc
_cBK
999 _c11907
_d11907